000 00653cam a22002293a 4500
001 335
003 PGUSA
005 20140828082946.0
008 950901s1995||||xxu|||||s|||||000 1 eng d
040 _aPGUSA
_beng
042 _adc
050 4 _aPS
100 1 _aDavis, Rebecca Harding,
_d1831-1910
245 1 0 _aFrances Waldeaux :
_bA Novel
_h[electronic resource] /
_cRebecca Harding Davis
260 _bProject Gutenberg,
_c1995
506 _aPublic domain in the USA.
516 _aElectronic text
653 _aVoyages and travels -- Fiction
830 0 _aProject Gutenberg
_v335
856 4 0 _uhttp://www.gutenberg.org/ebooks/335
942 _cEB
999 _c229686
_d229686